000 00469cam a2200145 4500500
005 20251228090650.0
041 _afre
042 _adc
100 1 0 _aBruley, Pauline
_eauthor
245 0 0 _aParutions
260 _c2014.
500 _a11
786 0 _nBulletin de l’Amitié Charles Péguy | 146 | 2 | 2014-04-05 | p. 192-192 | 0180-8567
856 4 1 _uhttps://shs.cairn.info/revue-bulletin-de-lamitie-charles-peguy-2014-2-page-192?lang=fr&redirect-ssocas=7080
999 _c1602552
_d1602552